000 00564nam a2200145 a 4500
008 120712s1973 ||||||||||||||||| || u
050 _aDS 517 Wal
100 _aWalder, David
245 1 4 _aThe short victorious war: the Russo-Japanese conflict 1904-5
_cby David Walder
260 _aDevon, UK:
_bReaders Union
_c1973
300 _a321p.: ill.
500 _aBibliography
650 _aRUSSO-JAPANESE WAR, 1904-1905
995 _aSPECIAL COLLECTIONS
_e500099
_FCBU-DAG HAMMARSKJOLD INSTITUTE LIBRARY
_jDAG DS 517 Wal
_M1
_UAVAILABLE
_WSep 3, 2012
_y500099
_ZDHIPS Book Collection
999 _c467
_d467